Tìm hiểu pháp luật phổ thông Cách thức khiếu kiện tranh chấp đất đai đúng pháp luật
Sparad:
| Huvudupphovsman: | |
|---|---|
| Materialtyp: | Bok |
| Språk: | Undetermined |
| Publicerad: |
Tp. HCM
Tp. HCM
2001
|
| Ämnen: | |
| Taggar: |
Lägg till en tagg
Inga taggar, Lägg till första taggen!
|
| Thư viện lưu trữ: | Trung tâm Học liệu Trường Đại học Cần Thơ |
|---|
| LEADER | 00655nam a2200181Ia 4500 | ||
|---|---|---|---|
| 001 | CTU_46982 | ||
| 008 | 210402s9999 xx 000 0 und d | ||
| 082 | |a 346.043 | ||
| 082 | |b Đ307 | ||
| 100 | |a NGUYỄN NGỌC ĐIỆP | ||
| 245 | 0 | |a Tìm hiểu pháp luật phổ thông | |
| 245 | 0 | |b Cách thức khiếu kiện tranh chấp đất đai đúng pháp luật | |
| 245 | 0 | |c NGUYỄN NGỌC ĐIỆP | |
| 260 | |a Tp. HCM | ||
| 260 | |b Tp. HCM | ||
| 260 | |c 2001 | ||
| 650 | |a land tenue - law land legislation - vietnam,land use - law and legislation - vietnam | ||
| 980 | |a Trung tâm Học liệu Trường Đại học Cần Thơ | ||